01872nam a2200229Ia 4500999001500000008004100015010000900056020002200065040000800087041000700095082001700102100002400119245007600143250000800219260005400227300001700281500001300298505118100311650002801492942001701520952010501537 c7695d7695141014s9999||||xx |||||||||||||| ||und|| a7545 a978-950-727-850-1 aANE aEs a345.11 G679  aGossel, Karl Heinz  aEl Derecho Procesal Penal en el Estado de Derecho cGossel, Karl Heinz  aS/E aBuenos Aires, Argentina c2007bRubinzal Culzoni  a352 pc23 cm aÍndice aEl Principio de Estado de Derecho en su significado para el Procedimiento Penal.- El Misterio Fiscal y la Policía criminal en el Procedimiento Penal del Estado de Derecho.- La Defensa en el Estado de Derecho y las limitaciones relativas al defensor en el Procedimiento contra terroristas.- El principio de investigación de oficio en la praxis del proceso penal Alemán.- La verdad en el Proceso Penal ¿Es encontrada o construida?.- Sobre la obligación de indagar la verdad material y la competencia para el inicio de un proceso penal y su prosecución.- Las prohibiciones de prueba como límites de la búsqueda de la verdad en el Proceso Penal.- Aspectos jurídico-Constitucionales y Político-Criminales.- La prueba ilícita en el Proceso Penal.- Sobre la valoración probatoria, apreciación de la prueba y reglas de prueba.- Acerca del "Acuerdo" en el Proceso Penal.- Las investigaciones genéticas como objeto de prueba en el Proceso Penal.- Principios Fundamentales de la s formas procesales descriminalizadoras, incluidas las del procedimiento por contravenciones al orden administrativo y las del Proceso por orden penal, en el proceso penal Alemán. aDerecho Procesal Penal  cBK2ddczNr. 00102ddc4070aAN01bAN01d2022-12-12eDonacióno345.11 G679 p34395r2014-10-14w2014-10-14yBK